Welcome to WEB OPAC of MRSPTU Central Library

Nursery Production of Ornamental Plants (Record no. 10376)

MARC details
000 -LEADER
fixed length control field 00470nam a22002057a 4500
003 - CONTROL NUMBER IDENTIFIER
control field OSt
005 - DATE AND TIME OF LATEST TRANSACTION
control field 20241024160344.0
008 - FIXED-LENGTH DATA ELEMENTS--GENERAL INFORMATION
fixed length control field 241024b |||||||| |||| 00| 0 eng d
040 ## - CATALOGING SOURCE
Transcribing agency MRSPTU
041 ## - LANGUAGE CODE
Language code of text/sound track or separate title ENG
082 ## - DEWEY DECIMAL CLASSIFICATION NUMBER
Classification number 635.9
Item number GR-N
100 ## - MAIN ENTRY--PERSONAL NAME
Personal name Grewal, H.S.
245 ## - TITLE STATEMENT
Title Nursery Production of Ornamental Plants
250 ## - EDITION STATEMENT
Edition statement 2nd Ed.
260 ## - PUBLICATION, DISTRIBUTION, ETC.
Place of publication, distribution, etc. Ludhiana
Name of publisher, distributor, etc. PAU
300 ## - PHYSICAL DESCRIPTION
Extent 91
650 ## - SUBJECT ADDED ENTRY--TOPICAL TERM
Topical term or geographic name entry element Agriculture
700 ## - ADDED ENTRY--PERSONAL NAME
Personal name Singh, Parminder
942 ## - ADDED ENTRY ELEMENTS (KOHA)
Source of classification or shelving scheme Dewey Decimal Classification
Koha item type Book
Suppress in OPAC No
Holdings
Withdrawn status Lost status Source of classification or shelving scheme Damaged status Not for loan Home library Current library Date acquired Total checkouts Full call number Barcode Date last seen Date last checked out Price effective from Koha item type
    Dewey Decimal Classification     MRSPTU Central Library MRSPTU Central Library 10/24/2024 1 635.9 GR-N 41560 10/28/2025 10/28/2025 10/24/2024 Book
    Dewey Decimal Classification     MRSPTU Central Library MRSPTU Central Library 10/24/2024   635.9 GR-N 41561 10/24/2024   10/24/2024 Book
    Dewey Decimal Classification     MRSPTU Central Library MRSPTU Central Library 10/24/2024 1 635.9 GR-N 41562 11/24/2025 10/28/2025 10/24/2024 Book
    Dewey Decimal Classification     MRSPTU Central Library MRSPTU Central Library 10/24/2024   635.9 GR-N 41563 10/24/2024   10/24/2024 Book

Website Designed and Developed by MRSPTU Central Library Team

E-mail Id: librarian@mrsptu.ac.in